[Event "Olympiad Women-45"]
[Site "Budapest"]
[Date "2024.09.14"]
[Round "4.67"]
[White "Nkwanyane, Nolwazi"]
[Black "Nyaruai, Joyce Ndirangu"]
[Result "0-1"]
[WhiteElo "1542"]
[BlackElo "1782"]
[PlyCount "102"]
[EventDate "2024.09.11"]
[EventType "team-swiss"]
[EventRounds "11"]
[EventCountry "HUN"]
[SourceTitle "EXT 2025"]
[Source "ChessBase"]
[SourceDate "2024.10.14"]
[SourceVersion "1"]
[SourceVersionDate "2024.10.14"]
[SourceQuality "1"]
[WhiteTeam "Eswatini (W)"]
[BlackTeam "Kenya (W)"]
[BlackTeamCountry "KEN"]

1. e4 c5 2. Nf3 g6 3. c3 d5 4. Bb5+ Bd7 5. Qa4 dxe4 6. Bxd7+ Qxd7 7. Qxe4 Nf6 8. Qe2 Nc6 9. 0-0 Bg7 10. Rd1 0-0 11. d4 Rad8 12. d5 Nxd5 13. Bd2 Nf4 14. Qf1 Qg4 15. Bxf4 Rxd1 16. Qxd1 Qxf4 17. Nbd2 Rd8 18. Qe2 Bh6 19. Ne4 b6 20. Ng3 e5 21. Re1 f6 22. Qe4 Qxe4 23. Nxe4 f5 24. Neg5 e4 25. Ne6 Rd7 26. Nfg5 Rd2 27. Rb1 Ne5 28. Nh3 Nd3 29. g3 Nxb2 30. a4 Rd1+ 31. Rxd1 Nxd1 32. a5 Nxc3 33. axb6 axb6 34. Kf1 Bd2 35. Ng1 c4 36. Ne2 Nd5 37. N2d4 Nc3 38. Nc7 Kf7 39. Ndb5 Nxb5 40. Nxb5 Ke6 41. Ke2 c3 42. Kd1 Kd5 43. Na3 Kd4 44. Kc2 Be1 45. Nb5+ Kc4 46. Na3+ Kb4 47. Nb1 b5 48. h3 h6 49. g4 fxg4 50. hxg4 h5 51. gxh5 gxh5 0-1

[Event "Olympiad Women-43"]
[Site "Batumi"]
[Date "2018.09.26"]
[Round "3.66"]
[White "Saraci, Ndriqona"]
[Black "Nyaruai, Joyce Ndirangu"]
[Result "1-0"]
[WhiteElo "1263"]
[BlackElo "1673"]
[PlyCount "83"]
[EventDate "2018.09.24"]
[EventType "team-swiss"]
[EventRounds "11"]
[EventCountry "GEO"]
[SourceTitle "EXT 2020"]
[Source "ChessBase"]
[SourceDate "2019.10.17"]
[SourceVersion "1"]
[SourceVersionDate "2019.10.17"]
[SourceQuality "1"]
[WhiteTeam "Kosovo (W)"]
[BlackTeam "Kenya (W)"]
[WhiteTeamCountry "KOS"]
[BlackTeamCountry "KEN"]

1. e4 c5 2. Nf3 d6 3. d4 cxd4 4. Nxd4 Nf6 5. Nc3 g6 6. Bb5+ Bd7 7. Bxd7+ Nbxd7 8. 0-0 Bg7 9. Be3 0-0 10. h3 Rc8 11. Qd2 Ne5 12. Rab1 Nc4 13. Qc1 a6 14. f3 Nxe3 15. Qxe3 Qa5 16. a3 Rc4 17. Nb3 Qc7 18. Nd2 Nd5 19. Nxd5 Bd4 20. Qxd4 Rxd4 21. Nxc7 Rxd2 22. Nd5 e6 23. Ne3 Rc8 24. Rbd1 Re2 25. Rfe1 Rxe1+ 26. Rxe1 Kf8 27. Rd1 Ke7 28. Rd3 b5 29. Rc3 Rxc3 30. bxc3 Kd7 31. Kf2 Kc6 32. Ke2 Kb6 33. Kd3 Ka5 34. c4 b4 35. axb4+ Kxb4 36. c3+ Kb3 37. f4 a5 38. e5 d5 39. c5 a4 40. c6 a3 41. c7 a2 42. Nc2 1-0

[Event "Olympiad Women-42"]
[Site "Baku"]
[Date "2016.09.09"]
[Round "7.4"]
[White "Nyaruai, Joyce Ndirangu"]
[Black "Miladi, Amen"]
[Result "1/2-1/2"]
[WhiteElo "1482"]
[BlackElo "1491"]
[PlyCount "143"]
[EventDate "2016.09.02"]
[EventType "team-swiss"]
[EventRounds "11"]
[EventCountry "AZE"]
[SourceTitle "CBM 174 Extra"]
[Source "ChessBase"]
[SourceDate "2016.10.10"]
[SourceVersion "1"]
[SourceVersionDate "2016.10.10"]
[SourceQuality "1"]
[WhiteTeam "Kenya (W)"]
[BlackTeam "Tunisia (W)"]
[WhiteTeamCountry "KEN"]
[BlackTeamCountry "TUN"]

1. d4 Nf6 2. Nf3 g6 3. Bf4 Bg7 4. e3 d6 5. Bd3 0-0 6. h3 c5 7. 0-0 Qb6 8. Qc1 Nd5 9. Bg5 Nc6 10. c3 Bd7 11. Nbd2 Rfc8 12. e4 Nf6 13. d5 Nd8 14. b3 e6 15. Nc4 Qc7 16. Bf4 Ne8 17. e5 exd5 18. exd6 Qb8 19. Nce5 Nf6 20. Re1 Ne6 21. Bh2 Re8 22. g4 h6 23. h4 Qd8 24. g5 hxg5 25. Nxg5 Nxg5 26. hxg5 Nh7 27. Nxd7 Rxe1+ 28. Qxe1 Qxd7 29. Qe7 Qg4+ 30. Bg3 Qxg5 31. Qxb7 Rd8 32. Bb5 Bxc3 33. Rd1 Rxd6 34. Qc8+ Rd8 35. Qxc5 d4 36. Qc7 Nf8 37. Bc4 Rd7 38. Qc6 Qg4 39. Rd3 Re7 40. Kh2 Re1 41. Qf6 Qh5+ 42. Bh4 Ne6 43. Rh3 g5 44. Bxe6 gxh4 45. Rxh4 Qe5+ 46. Qxe5 Rxe5 47. Bc4 Rf5 48. Kg2 Kg7 49. Rg4+ Kf6 50. Re4 a5 51. Kg3 Kg6 52. Re7 Kg7 53. f4 Bd2 54. Re4 Bc3 55. Kg4 Rf6 56. Re5 Rg6+ 57. Rg5 Rxg5+ 58. Kxg5 Kf8 59. f5 Bd2+ 60. Kf6 Bc3 61. Bxf7 d3+ 62. Ke6 d2 63. Bh5 Bb4 64. Kd7 Ba3 65. Kc6 Ke7 66. Kb5 Bb4 67. Ka4 Kf6 68. a3 Bc3 69. Bd1 Kxf5 70. Kb5 Bb2 71. b4 axb4 72. a4 1/2-1/2

[Event "Africa-ch (Women)"]
[Site "Kampala"]
[Date "2016.07.23"]
[Round "8.9"]
[White "Ampaire, Shakira"]
[Black "Nyaruai, Joyce Ndirangu"]
[Result "1-0"]
[WhiteElo "1367"]
[BlackElo "1471"]
[PlyCount "71"]
[EventDate "2016.07.17"]
[EventType "swiss"]
[EventRounds "9"]
[EventCountry "UGA"]
[SourceTitle "EXT 2024"]
[Source "ChessBase"]
[SourceDate "2023.10.10"]
[SourceVersion "1"]
[SourceVersionDate "2023.10.10"]
[SourceQuality "1"]

1. d4 d5 2. Nf3 Nf6 3. g3 Bf5 4. Bg2 e6 5. 0-0 Be7 6. Bf4 h6 7. Nbd2 Nbd7 8. Re1 0-0 9. c3 c5 10. Qb3 b6 11. c4 Rc8 12. Rac1 Bh7 13. e3 g5 14. Be5 Ng4 15. h3 Ngxe5 16. Nxe5 Nxe5 17. dxe5 d4 18. exd4 cxd4 19. Qf3 Rc7 20. Ne4 Kg7 21. Bf1 Bg6 22. Bd3 Qa8 23. Kg2 Qb7 24. b3 Re8 25. Rcd1 Bc5 26. Qg4 Bb4 27. Re2 Rg8 28. Kh2 Kf8 29. Nf6 Rg7 30. Bxg6 Rxg6 31. Qxd4 Be7 32. Red2 Rg7 33. Ne8 Kg8 34. Nxc7 Qxc7 35. Qe4 Qc5 36. Kg1 1-0

[Event "Africa zt 4.2 (Women)"]
[Site "Dar es Salaam"]
[Date "2016.04.25"]
[Round "4"]
[White "Nyaruai, Joyce Ndirangu"]
[Black "Shah, Riya"]
[Result "0-1"]
[WhiteElo "1432"]
[BlackElo "1515"]
[PlyCount "98"]
[EventDate "2016.04.23"]
[EventType "swiss"]
[EventRounds "9"]
[EventCountry "TAN"]
[SourceTitle "EXT 2017"]
[Source "ChessBase"]
[SourceDate "2016.10.25"]
[SourceVersion "1"]
[SourceVersionDate "2016.10.25"]
[SourceQuality "1"]

1. Nf3 Nc6 2. c4 g6 3. Nc3 Bg7 4. e4 d6 5. d3 Bg4 6. Be3 Nd4 7. Rc1 Bxf3 8. gxf3 e6 9. h4 h5 10. Bg2 Bf6 11. f4 Rb8 12. Qa4+ Kf8 13. Qxa7 Nc6 14. Qa4 Bxh4 15. d4 e5 16. dxe5 dxe5 17. Rd1 Nd4 18. fxe5 c5 19. Bxd4 cxd4 20. Qb4+ Be7 21. c5 Qc7 22. Qxd4 Bxc5 23. Nd5 Bxd4 24. Nxc7 Bxe5 25. Nd5 Bxb2 26. Rd2 Ba3 27. Ke2 Ne7 28. Nb6 Kg7 29. Rd7 Rhd8 30. Rhd1 Nc6 31. R7d3 Bc5 32. Rxd8 Rxd8 33. Rxd8 Nxd8 34. Na4 Bd4 35. Kd3 Bxf2 36. Nc3 g5 37. a4 Ne6 38. Bf1 Be1 39. Nd5 Nc5+ 40. Kc4 Nxa4 41. Kb5 Nc3+ 42. Nxc3 Bxc3 43. Kb6 Kf6 44. Kxb7 Ke5 45. Bc4 Kxe4 46. Bxf7 h4 47. Kc6 g4 48. Bg6+ Kf4 49. Kc5 g3 0-1

[Event "Africa-ch U20 Girls"]
[Site "Victoria"]
[Date "2016.01.02"]
[Round "6"]
[White "Joao, Delfina"]
[Black "Nyaruai, Joyce Ndirangu"]
[Result "1-0"]
[WhiteElo "1530"]
[BlackElo "1469"]
[PlyCount "64"]
[EventDate "2015.12.28"]
[EventType "swiss"]
[EventRounds "9"]
[EventCountry "SEY"]
[SourceTitle "CBM 170 Extra"]
[Source "ChessBase"]
[SourceDate "2016.02.25"]
[SourceVersion "1"]
[SourceVersionDate "2016.02.25"]
[SourceQuality "1"]

1. e4 e5 2. Nf3 Nc6 3. Bb5 Nd4 4. Bc4 Bd6 5. Nc3 c6 6. d3 b5 7. Bb3 Ne7 8. Be3 Nxb3 9. axb3 Bc7 10. d4 Ng6 11. dxe5 Nxe5 12. Bd4 Nxf3+ 13. Qxf3 0-0 14. Ne2 a6 15. Ng3 d6 16. Nh5 f6 17. Rd1 Bb7 18. 0-0 Qe7 19. Ng3 Rad8 20. Nf5 Qf7 21. Qg4 Qg6 22. Ne7+ Kf7 23. Nxg6 hxg6 24. Be3 Rfe8 25. h4 c5 26. Rfe1 Rxe4 27. Bf4 Rde8 28. Rxe4 Bxe4 29. Bxd6 Bxd6 30. Rxd6 Bxc2 31. Rd7+ Kg8 32. Qf3 Re4 1-0

[Event "Africa-ch U20 Girls"]
[Site "Victoria"]
[Date "2015.12.29"]
[Round "2"]
[White "Pires, Luzia"]
[Black "Nyaruai, Joyce Ndirangu"]
[Result "1/2-1/2"]
[WhiteElo "1567"]
[BlackElo "1469"]
[PlyCount "29"]
[EventDate "2015.12.28"]
[EventType "swiss"]
[EventRounds "9"]
[EventCountry "SEY"]
[SourceTitle "CBM 170 Extra"]
[Source "ChessBase"]
[SourceDate "2016.02.25"]
[SourceVersion "1"]
[SourceVersionDate "2016.02.25"]
[SourceQuality "1"]

1. e4 e5 2. Bc4 Be7 3. Qh5 g6 4. Qxe5 Nf6 5. d3 0-0 6. Nf3 d6 7. Qf4 Be6 8. Bb3 Bxb3 9. cxb3 Nh5 10. Qh6 f6 11. g4 Ng7 12. h4 Qd7 13. Rg1 d5 14. Be3 dxe4 15. dxe4 1/2-1/2